Nepokradneš! - neuznávajú počítačoví podvodníci Na Slovensku je vraj 92 percent pirátskych softverov, ktoré spôsobujú počítačovým spoločnostiam každý rok miliardové škody

Bibliographic Details
Main Author: Lazar, Noro (Author)
Format: Article
Language:Slovak
PhysicalDescription:Obr. 1
Subjects:

MARC

LEADER 00000nab a2200000 a 4500
001 vtls000598413
003 SK-MaSNL
005 20260303015749.0
008 121001c1996 xo 0 slo
015 |a SNBRB19rr/mm-uuuuu 
035 |a CL0598552 
040 |a SNKBUCL  |b slo  |c SNKBUCL  |e AACR2 
041 0 |a slo 
044 |a xo  |c SK 
080 |a 681.3.06:343.533  |2 1981 
080 |a 343.533  |2 1981 
100 1 |a Lazar, Noro  |4 aut  |9 900199 
245 1 0 |a Nepokradneš! - neuznávajú počítačoví podvodníci  |b Na Slovensku je vraj 92 percent pirátskych softverov, ktoré spôsobujú počítačovým spoločnostiam každý rok miliardové škody  |c Noro Lazar 
300 |b Obr. 1 
650 0 7 |a softvér  |2 snkbucl  |9 1223 
650 0 7 |a pirátstvo softvérové  |2 snkbucl  |9 900904 
655 7 |a články z novín a časopisov  |2 snkbucl  |9 267496 
773 0 |t Slovenský profit  |g Roč. 4, č. 38 (1996), s. 8-9 
850 |a Slovenská národná knižnica v Martine  |a MTA001 
852 |a SNK  |b KIS3GCP 
958 |a RK 
992 |a RBX 
999 |c 1614568  |d 1616498